Fronteras, massmedia y postvisualidad /

Bibliographic Details
Other Authors: Muñoz Domínguez, Miguel Omar (Editor), Acosta Valencia, Gladys Lucía (Editor), Fernández Galán Montemayor, Carmen (Editor)
Format: Electronic eBook
Language:Spanish
Published: Medellín, Colombia : [Zacatecas, México] : Sello Editorial Universidad de Medellín ; Universidad Autónoma de Zacatecas Francisco García Salinas, 2021.
Edition:Primera edición.
Series:Semiótica trasliminar.
Subjects:
Online Access:Digitalia Hispánica

MARC

LEADER 00000nam a2200000 i 4500
001 DIGUMED0058
003 NyNyDIG
007 cr |||||||||||
008 240501s2021 ck ab ob 000 0 spa d
006 m o d
035 |a (OCoLC)1433996900 
040 |a DGITA  |b eng  |e rda  |e pn  |c DGITA 
020 |a 9789585180284  |q (Medellín) 
020 |a 9786075551005  |q (Zacatecas) 
020 |z 9789585180277  |q (Medellín) 
020 |z 9786075551036  |q (Zacatecas) 
043 |a cl----- 
050 1 4 |a HM851 ebook 
245 0 0 |a Fronteras, massmedia y postvisualidad /  |c Miguel Omar Muñoz Domínguez, Gladys Lucía Acosta Valencia, Carmen Fernández Galán Montemayor (coordinadores). 
250 |a Primera edición. 
264 1 |a Medellín, Colombia :  |b Sello Editorial Universidad de Medellín ;  |a [Zacatecas, México] :  |b Universidad Autónoma de Zacatecas Francisco García Salinas,  |c 2021. 
300 |a 1 online resource :  |b illustrations, maps. 
336 |a text  |b txt  |2 rdacontent 
337 |a computer  |b c  |2 rdamedia 
338 |a online resource  |b cr  |2 rdacarrier 
347 |a text file  |2 rdaft 
347 |b PDF 
490 1 |a Semiótica trasliminar 
504 |a Includes bibliographical references. 
588 0 |a Online resource; title from PDF title page (Digitalia, viewed May 1, 2024) 
650 0 |a Information technology  |x Social aspects  |z Latin America. 
650 0 |a Communication in politics  |x Technological innovations. 
700 1 |a Muñoz Domínguez, Miguel Omar,  |e editor. 
700 1 |a Acosta Valencia, Gladys Lucía,  |e editor. 
700 1 |a Fernández Galán Montemayor, Carmen,  |e editor. 
791 2 |a Digitalia (Firm),  |e distributor. 
793 0 |g Digitalia eBook Collection:  |a Universidad de Medellín 
776 0 8 |i Print version:  |t Fronteras, massmedia y postvisualidad.  |b Primera edición.  |d Medellín, Colombia : Sello Editorial Universidad de Medellín ; [Zacatecas, México] : Universidad Autónoma de Zacatecas Francisco García Salinas, [2021]  |z 9789585180277 
830 0 |a Semiótica trasliminar. 
856 4 0 |3 Digitalia Hispánica  |u https://www.digitaliapublishing.com/a/136612/ 
910 |a Premium collection: 2024